[Event "81st ch-ESP Rapid 2016"]
[Site "Linares ESP"]
[Date "2016.08.14"]
[Round "2.15"]
[White "Sanchez Jimenez, Juan Carlos"]
[Black "Huerga Leache, Mikel"]
[Result "0-1"]
[WhiteTitle "FM"]
[BlackTitle "IM"]
[WhiteElo "2217"]
[BlackElo "2455"]
[WhiteFideId "2206331"]
[BlackFideId "2268795"]
[EventDate "2016.08.14"]

1. d4 Nf6 2. Nf3 c5 3. d5 e6 4. c4 b5 5. Bg5 exd5 6. cxd5 h6 7. Bxf6 Qxf6 8. Qc2
Na6 9. Nc3 b4 10. Nb5 g5 11. Nd2 Rb8 12. e4 Bg7 13. Rb1 O-O 14. Bc4 Qe7 15. Nxa7
Nc7 16. a4 bxa3 17. Nxc8 Rfxc8 18. bxa3 Ra8 19. Qd3 Ne8 20. O-O Nd6 21. Bb5 g4
22. a4 Bd4 23. Rbe1 Qf6 24. e5 Bxe5 25. Ne4 Qg6 26. Bxd7 Rd8 27. Bc6 c4 28. Qe2
Rab8 29. Nxd6 Bxd6 30. Qxc4 h5 31. Qe4 Qg5 32. f4 gxf3 33. Qxf3 Qg6 34. Rb1 Rxb1 0-1

[Event "81st ch-ESP Rapid 2016"]
[Site "Linares ESP"]
[Date "2016.08.14"]
[Round "2.16"]
[White "Suarez Garcia, Carlos"]
[Black "Vinuela Diaz, Saul"]
[Result "1-0"]
[WhiteTitle "FM"]
[WhiteElo "2426"]
[BlackElo "2170"]
[WhiteFideId "22230858"]
[BlackFideId "2239639"]
[EventDate "2016.08.14"]

1. d4 Nf6 2. c4 c5 3. Nf3 cxd4 4. Nxd4 e5 5. Nb5 d5 6. cxd5 Bc5 7. N5c3 O-O 8.
g3 Bf5 9. Bg2 e4 10. O-O Nbd7 11. Be3 Bxe3 12. fxe3 Bg6 13. Qd4 Re8 14. Nd2 Qe7
15. d6 Qe6 16. Nb5 Nd5 17. Nb3 a6 18. Rfd1 axb5 19. Qxd5 Qg4 20. Qxb5 Re5 21.
Qxb7 Rb8 22. Qc7 h5 23. Rf1 h4 24. Rf4 Qxe2 25. Qxd7 Qxe3+ 26. Rf2 hxg3 27. hxg3
Rf5 28. Rf1 Rxf2 29. Rxf2 Qe1+ 30. Rf1 Qxg3 31. Qc7 Rf8 32. Qc5 Qg4 33. Qd4 Rd8
34. Nc5 Qg3 35. Nxe4 Bxe4 36. Qxe4 Rxd6 37. Qe8+ Kh7 38. Qxf7 Rg6 39. Qf3 1-0

[Event "81st ch-ESP Rapid 2016"]
[Site "Linares ESP"]
[Date "2016.08.14"]
[Round "2.17"]
[White "Semenova, Elena1"]
[Black "Narciso Dublan, Marc"]
[Result "0-1"]
[WhiteTitle "WIM"]
[BlackTitle "GM"]
[WhiteElo "2256"]
[BlackElo "2482"]
[WhiteFideId "24125148"]
[BlackFideId "2201500"]
[EventDate "2016.08.14"]

1. e4 e6 2. d4 d5 3. Nc3 Bb4 4. e5 Qd7 5. Qg4 f5 6. Qh5+ g6 7. Qh4 b6 8. Bd2 Ba6
9. Bxa6 Nxa6 10. Nge2 Qf7 11. a3 Be7 12. Qg3 h6 13. Qd3 Nb8 14. Nb5 Bg5 15. f4
Bh4+ 16. g3 Bd8 17. O-O-O a6 18. Nbc3 Ne7 19. h3 Nd7 20. g4 c5 21. Na4 c4 22.
Qf3 b5 23. Nc5 Nxc5 24. dxc5 Nc6 25. Be3 Be7 26. Rhg1 O-O-O 27. b4 Kb7 28. Kb2
a5 29. Nc3 axb4 30. axb4 Nxb4 31. Ra1 Ra8 32. Nxb5 Rhb8 33. Kc3 Na2+ 34. Kd2 Kc8
35. Rgb1 Qe8 36. Nd6+ Bxd6 37. exd6 Qh8 38. Bf2 Rb2 39. c6 c3+ 40. Ke1 Rab8 41.
Rd1 Nb4 42. Kf1 Rxc2 43. Ra7 Nxc6 44. Rc7+ Kd8 45. Rxc6 Rbb2 46. Bb6+ Kd7 47.
Rc7+ Kxd6 48. Qd3 Qa8 49. Ra7 Qc6 50. Bd4 Qb5 51. Be5+ Kc6 52. Rc7+ Kb6 53.
Qxb5+ Kxb5 54. Rb7+ Kc4 55. Rc7+ Kb3 56. Rb7+ Kc4 57. Rc7+ Kb5 58. Rxc3 fxg4 59.
Ke1 0-1

[Event "81st ch-ESP Rapid 2016"]
[Site "Linares ESP"]
[Date "2016.08.14"]
[Round "2.18"]
[White "Aranda Marin, Cristian"]
[Black "Ramirez Medina, Victor"]
[Result "1-0"]
[WhiteTitle "FM"]
[WhiteElo "2350"]
[BlackElo "2209"]
[WhiteFideId "2205513"]
[BlackFideId "22286942"]
[EventDate "2016.08.14"]

1. d4 Nf6 2. Nc3 d5 3. Bg5 c6 4. Qd2 Bf5 5. f3 Nbd7 6. O-O-O b5 7. e4 dxe4 8. d5
b4 9. dxc6 bxc3 10. Qxc3 Qc8 11. cxd7+ Bxd7 12. Qa5 Rb8 13. fxe4 Nxe4 14. Be3 e6
15. Nf3 Bb4 16. Qe5 Nf6 17. Ba6 Qd8 18. Qg3 O-O 19. Bd4 Be7 20. Ne5 g6 21. Nxd7
Nxd7 22. Bc3 Bh4 23. Qd6 Nb6 24. Qe5 Qg5+ 25. Kb1 Qxe5 26. Bxe5 Rbd8 27. Bd6
Rfe8 28. Bb5 Nd5 29. Bxe8 Rxe8 30. Rd3 Rd8 31. Bc5 Ra8 32. c4 Nf6 33. Rhd1 Ne4
34. Be3 Bf6 35. Bd4 Bh4 36. b4 Be7 37. c5 Rb8 38. Rb3 Rd8 39. Rdd3 Bg5 40. Kc2
Rc8 41. Ra3 Rc7 42. Be5 Rb7 43. Rd4 f5 44. Ra6 Kf7 45. c6 Rb6 46. Rxe4 fxe4 47.
c7 Ke7 1-0

[Event "81st ch-ESP Rapid 2016"]
[Site "Linares ESP"]
[Date "2016.08.14"]
[Round "2.20"]
[White "Almagro Llamas, Pablo"]
[Black "Silva Lucena, Cristian"]
[Result "1-0"]
[WhiteTitle "IM"]
[WhiteElo "2436"]
[BlackElo "2230"]
[WhiteFideId "2221799"]
[BlackFideId "2232588"]
[EventDate "2016.08.14"]

1. d4 d5 2. Nf3 e6 3. c4 c6 4. e3 Bd6 5. Bd3 f5 6. O-O Nf6 7. b3 Qe7 8. Bb2 O-O
9. Nc3 b6 10. Rc1 Bb7 11. cxd5 Nxd5 12. Re1 Nxc3 13. Bxc3 c5 14. e4 cxd4 15.
Bxd4 Nc6 16. Bb2 Nb4 17. exf5 Nxd3 18. Qxd3 Rxf5 19. Qxf5 exf5 20. Rxe7 Bxe7 21.
Rc7 Rd8 22. Rxe7 Rd1+ 23. Ne1 1-0

[Event "81st ch-ESP Rapid 2016"]
[Site "Linares ESP"]
[Date "2016.08.14"]
[Round "2.21"]
[White "Fernandez Torre, Ivan"]
[Black "Valles Moreno, Ivan"]
[Result "0-1"]
[BlackTitle "IM"]
[WhiteElo "2164"]
[BlackElo "2447"]
[WhiteFideId "2229528"]
[BlackFideId "2205688"]
[EventDate "2016.08.14"]

1. e4 e5 2. Nf3 Nc6 3. Bb5 a6 4. Ba4 d6 5. O-O Ne7 6. d4 b5 7. Bb3 Nxd4 8. Nxd4
exd4 9. a4 Rb8 10. Qxd4 c5 11. Qe3 c4 12. Ba2 Nc6 13. Bd2 Be7 14. Bc3 O-O 15.
Nd2 Be6 16. Qg3 g6 17. Nf3 b4 18. Bd2 d5 19. exd5 Qxd5 20. Bf4 Rbd8 21. h3 Bf6
22. Rad1 Qxd1 23. Rxd1 Rxd1+ 24. Kh2 b3 25. cxb3 cxb3 26. Bxb3 Bxb3 27. Ng5 Bd5
28. h4 Re8 29. Qg4 Rd4 30. Qd7 Rd8 31. Qc7 Rxf4 32. Qxf4 Be5 0-1

[Event "81st ch-ESP Rapid 2016"]
[Site "Linares ESP"]
[Date "2016.08.14"]
[Round "2.22"]
[White "Matnadze, Ana"]
[Black "Merario Alarcon, Andres"]
[Result "1-0"]
[WhiteTitle "IM"]
[WhiteElo "2355"]
[BlackElo "2262"]
[WhiteFideId "13601377"]
[BlackFideId "24522767"]
[EventDate "2016.08.14"]

1. d4 Nf6 2. Nf3 g6 3. g3 Bg7 4. Bg2 O-O 5. O-O d6 6. c4 c5 7. b3 e5 8. dxc5
dxc5 9. Bb2 e4 10. Qxd8 Rxd8 11. Nfd2 Bf5 12. Re1 Nc6 13. Nf1 Nd4 14. Na3 Bg4
15. Ne3 Bxe2 16. Bxd4 cxd4 17. Rxe2 dxe3 18. fxe3 Ng4 19. Rf1 f5 20. h3 Nf6 21.
g4 fxg4 22. hxg4 Re8 23. Nb5 Re7 24. g5 Nh5 25. Rd2 Ng3 26. Rfd1 Nf5 27. Rd8+
Re8 28. Rxa8 Rxa8 29. Bxe4 Nxe3 30. Rd7 Rf8 31. Bd3 Be5 32. c5 Bg3 33. Nd6 Rf2
34. Rd8+ Kg7 35. Rd7+ Kg8 36. Bc4+ Kf8 37. Rd8+ Ke7 38. Re8+ Kd7 39. Bb5+ Kc7
40. Rc8# 1-0

[Event "81st ch-ESP Rapid 2016"]
[Site "Linares ESP"]
[Date "2016.08.14"]
[Round "2.23"]
[White "Perera Borrego, Mariela"]
[Black "Valmana Canto, Jaime"]
[Result "1-0"]
[WhiteTitle "WFM"]
[BlackTitle "FM"]
[WhiteElo "2157"]
[BlackElo "2389"]
[WhiteFideId "22238255"]
[BlackFideId "2268990"]
[EventDate "2016.08.14"]

1. d4 Nf6 2. c4 g6 3. Nc3 Bg7 4. e4 d6 5. Nf3 O-O 6. h3 e5 7. d5 Na6 8. Be3 c6
9. g4 cxd5 10. cxd5 Nc5 11. Nd2 a5 12. Be2 Bd7 13. g5 Ne8 14. h4 Rb8 15. a4 f6
16. Nc4 Nxa4 17. Nxa4 b5 18. Nxd6 Nxd6 19. Nc5 fxg5 20. hxg5 Rf4 21. Bxf4 exf4
22. Nxd7 Qxd7 23. Bg4 Qe7 24. Be6+ Kh8 25. Qg4 Bxb2 26. Rb1 Be5 27. Rb3 Nxe4 28.
Rxh7+ Qxh7 29. Rh3 Rb7 30. Bd7 b4 31. Rxh7+ Kxh7 32. Qh3+ Kg7 33. Qh6+ Kf7 34.
Qh7+ Bg7 35. Be6+ Kf8 36. Qg8+ Ke7 37. Qxg7+ 1-0

[Event "81st ch-ESP Rapid 2016"]
[Site "Linares ESP"]
[Date "2016.08.14"]
[Round "2.24"]
[White "Espinosa Aranda, Angel"]
[Black "Martinez Piqueras, Carlos"]
[Result "1-0"]
[WhiteTitle "IM"]
[WhiteElo "2422"]
[BlackElo "2112"]
[WhiteFideId "2278189"]
[BlackFideId "2273381"]
[EventDate "2016.08.14"]

1. e4 c5 2. Nf3 Nc6 3. Bb5 Nf6 4. Bxc6 dxc6 5. d3 Bg4 6. Nbd2 Nd7 7. b3 e5 8.
Bb2 f6 9. h3 Bh5 10. g4 Bf7 11. Qe2 Qc7 12. O-O-O O-O-O 13. h4 Be7 14. h5 Nf8
15. h6 g6 16. g5 Ne6 17. Qe3 Rhe8 18. Nc4 Nd4 19. Nxd4 cxd4 20. Qf3 f5 21. exf5
Bxc4 22. f6 Bxf6 23. gxf6 Bd5 24. Qh3+ Qd7 25. Qxd7+ Rxd7 26. Rh4 Rf7 27. f4 c5
28. b4 Rxf6 29. fxe5 Rxe5 30. bxc5 Re2 31. Bxd4 Ra6 32. Rf4 Rxa2 33. Bb2 Ra6 34.
Rf8+ Kd7 35. Rh8 Rc6 36. Rxh7+ Ke6 37. Bd4 Rh2 38. Re1+ Kf5 39. Re5+ 1-0

[Event "81st ch-ESP Rapid 2016"]
[Site "Linares ESP"]
[Date "2016.08.14"]
[Round "2.25"]
[White "Collado Barbas, Laura"]
[Black "Rodriguez Guerrero, Enrique"]
[Result "0-1"]
[WhiteTitle "WFM"]
[WhiteElo "2113"]
[BlackElo "2426"]
[WhiteFideId "2294907"]
[BlackFideId "2216892"]
[EventDate "2016.08.14"]

1. d4 Nf6 2. c4 c5 3. d5 b5 4. cxb5 a6 5. bxa6 g6 6. Nc3 Bxa6 7. Nf3 Bg7 8. g3
d6 9. Bg2 Nbd7 10. Rb1 O-O 11. O-O Qa5 12. Bd2 Rfb8 13. b3 Qa3 14. Ne1 Ne8 15.
Nc2 Qa5 16. Qe1 Nc7 17. a4 Qb6 18. Qd1 Bb7 19. Na3 Nf6 20. Nc4 Qa7 21. Be1 Bc8
22. Qd3 Rb7 23. e4 Qb8 24. Qc2 Bd7 25. Bd2 Na6 26. Na2 Qd8 27. Bc3 Qf8 28. Rb2
Rc8 29. Re1 Rbb8 30. e5 Ne8 31. exd6 exd6 32. Bxg7 Nxg7 33. Qc3 f6 34. Rbe2 Nf5
35. Rb2 Nd4 36. Nc1 Re8 37. Ne3 Nb4 38. Ne2 Nf5 39. Nf4 Re5 40. Rbb1 Rbe8 41.
Nd3 Nxd3 42. Qxd3 Nd4 43. b4 Bg4 44. bxc5 dxc5 45. Kh1 Bf5 46. Qc4 Bxb1 47. Rxb1
Qd6 48. a5 Nf5 49. Rb6 Qd8 50. d6+ Kh8 51. Nxf5 Rxf5 52. f4 Re1+ 53. Bf1 Qa8+
54. Kg1 Rd5 55. Qc3 Rdd1 56. Qxf6+ Kg8 0-1

[Event "81st ch-ESP Rapid 2016"]
[Site "Linares ESP"]
[Date "2016.08.14"]
[Round "2.26"]
[White "Lobo Rodriguez, Jesus Angel"]
[Black "Pardo Simon, David"]
[Result "0-1"]
[BlackTitle "IM"]
[WhiteElo "2133"]
[BlackElo "2492"]
[WhiteFideId "2218747"]
[BlackFideId "2296276"]
[EventDate "2016.08.14"]

1. d4 d6 2. Nf3 g6 3. c4 Bg7 4. Nc3 Nc6 5. Bf4 Bg4 6. e3 e5 7. dxe5 dxe5 8.
Qxd8+ Rxd8 9. Bg5 f6 10. Bh4 Nge7 11. Be2 Be6 12. O-O Kf7 13. Rfd1 Nf5 14. Bg3
h5 15. h4 Nxg3 16. fxg3 Bh6 17. Kf2 Nb4 18. Rac1 Rxd1 19. Rxd1 Nc2 20. e4 Be3+
21. Kf1 Bc5 22. Rd2 Ne3+ 23. Ke1 Nxg2+ 24. Kd1 Ne3+ 0-1

[Event "81st ch-ESP Rapid 2016"]
[Site "Linares ESP"]
[Date "2016.08.14"]
[Round "2.27"]
[White "Cruz Lledo, Pablo"]
[Black "Jimenez Almeida, Luis David"]
[Result "1-0"]
[WhiteTitle "FM"]
[WhiteElo "2414"]
[BlackElo "2212"]
[WhiteFideId "2297361"]
[BlackFideId "22242244"]
[EventDate "2016.08.14"]

1. d4 Nf6 2. c4 g6 3. Nc3 d5 4. Nf3 Bg7 5. Bg5 Ne4 6. cxd5 Nxg5 7. Nxg5 e6 8.
Qd2 h6 9. Nh3 exd5 10. Nf4 c6 11. e3 Bf5 12. f3 Qe7 13. Be2 O-O 14. O-O Re8 15.
Nd1 Nd7 16. g4 Be6 17. Nf2 c5 18. dxc5 Qxc5 19. Rac1 Qb6 20. b4 Ne5 21. a4 Nc4
22. Bxc4 dxc4 23. Nxe6 Qxe6 24. Rfe1 c3 25. Qc2 Rad8 26. Ne4 f5 27. Nxc3 Rc8 28.
Qd2 Red8 29. Qa2 Qxa2 30. Nxa2 Rxc1 31. Rxc1 Rd2 32. Nc3 fxg4 33. fxg4 Be5 34.
h3 Rd3 35. Nd1 Rb3 36. b5 Rb4 37. Kf2 Kf7 38. Kf3 Rxa4 39. Nf2 Rb4 40. Rc5 Bd6
41. Rd5 Ke6 42. e4 Rb3+ 43. Nd3 a5 44. bxa6 bxa6 45. Ke2 Ra3 46. h4 a5 47. Rb5
Ra2+ 48. Ke3 a4 49. e5 Be7 50. Nf4+ Kf7 51. e6+ Ke8 52. Nxg6 Ra1 53. Rb8+ Bd8
54. e7 Re1+ 55. Kf3 Rxe7 56. Nxe7 Kxe7 57. Ra8 Kd7 58. Ke4 1-0

[Event "81st ch-ESP Rapid 2016"]
[Site "Linares ESP"]
[Date "2016.08.14"]
[Round "2.28"]
[White "Alvarado Diaz, Alejandro"]
[Black "Queirolo Perez, Manuel"]
[Result "1-0"]
[WhiteTitle "IM"]
[WhiteElo "2441"]
[BlackElo "2096"]
[WhiteFideId "2276119"]
[BlackFideId "3401219"]
[EventDate "2016.08.14"]

1. g3 e5 2. d4 exd4 3. Qxd4 Nc6 4. Qd3 Nf6 5. Nf3 d6 6. Bg2 Be7 7. O-O O-O 8. a3
h6 9. c4 Be6 10. Nc3 Qd7 11. Rd1 Rfe8 12. b3 Bf5 13. e4 Bh3 14. Bh1 Ng4 15. Nd5
Bf8 16. Bb2 Nge5 17. Nxe5 Nxe5 18. Qc3 c6 19. Ne3 Qe7 20. f4 Ng6 21. Re1 Rad8
22. Nf5 Qc7 23. Nxg7 Qb6+ 24. c5 dxc5 25. Nxe8 c4+ 26. Re3 Rxe8 27. b4 Rd8 28.
Re1 Rd3 29. Qc1 a5 30. Bg2 Bxg2 31. Kxg2 axb4 32. axb4 Bxb4 33. Qxc4 Bxe1 34.
Qxd3 Qxb2+ 35. Re2 Qb4 36. e5 Nf8 37. f5 Bc3 38. e6 Bf6 39. Re4 Qe7 40. Qe2 fxe6
41. fxe6 Kh7 42. h4 b5 43. Kh3 Ng6 44. Qc2 Kh8 45. Qxc6 Ne5 46. Qd5 Nc4 47. Qxb5
Nd6 48. Qb8+ Kh7 49. Re2 Kg7 50. Qb4 h5 51. Qc5 Kg6 52. Qd5 Nf5 53. Rf2 Nd4 54.
Qe4+ Kg7 55. Kh2 Qxe6 56. Qb7+ Qe7 57. Qd5 Qe6 58. Qxh5 Qe3 59. Qg4+ Kf7 60. Kg2
Ne6 61. Re2 Qb3 62. Qh5+ Kg7 63. Rd2 Qb7+ 64. Kh2 Nd4 65. Rf2 Qe4 66. Qd1 Be5
67. Kh3 Qe3 1-0

[Event "81st ch-ESP Rapid 2016"]
[Site "Linares ESP"]
[Date "2016.08.14"]
[Round "2.29"]
[White "Rubio Tent, Francisco"]
[Black "Suarez Uriel, Adrian"]
[Result "1-0"]
[BlackTitle "FM"]
[WhiteElo "2199"]
[BlackElo "2311"]
[WhiteFideId "2238233"]
[BlackFideId "22230874"]
[EventDate "2016.08.14"]

1. e4 c5 2. Nf3 Nc6 3. d4 cxd4 4. Nxd4 g6 5. Nc3 Bg7 6. Nb3 Nf6 7. Be2 d6 8. O-O
O-O 9. Re1 a5 10. Bb5 Bd7 11. a4 Rc8 12. Nd5 Nxd5 13. exd5 Nb4 14. c3 Na6 15.
Bxd7 Qxd7 16. Nxa5 Rfe8 17. Bg5 Nc5 18. Nc4 Qf5 19. Bxe7 Nd3 20. Nxd6 Qxf2+ 21.
Kh1 Nxe1 22. Qxe1 Qxb2 23. Nxc8 Bxc3 24. Rb1 Rxc8 25. Rxb2 Bxe1 26. Rb1 Ba5 27.
d6 Bb4 28. d7 Ra8 29. Ra1 1-0

[Event "81st ch-ESP Rapid 2016"]
[Site "Linares ESP"]
[Date "2016.08.14"]
[Round "2.30"]
[White "Martinez Reyes, Pedro Ramon"]
[Black "Gines Esteo, Pedro Antonio"]
[Result "1-0"]
[WhiteTitle "FM"]
[WhiteElo "2365"]
[BlackElo "2194"]
[WhiteFideId "3901807"]
[BlackFideId "32080190"]
[EventDate "2016.08.14"]

1. Nf3 d5 2. g3 c5 3. Bg2 Nc6 4. O-O Nf6 5. d4 e6 6. c4 dxc4 7. Qa4 Bd7 8. Qxc4
cxd4 9. Nxd4 Rc8 10. Nxc6 Bxc6 11. Bxc6+ Rxc6 12. Qb5 Qb6 13. Qxb6 Rxb6 14. Nc3
Be7 15. Rd1 O-O 16. Rb1 Rd6 17. Be3 a6 18. Rxd6 Bxd6 19. Rd1 Be5 20. Na4 b5 21.
Nc5 Bxb2 22. Nxa6 Nd5 23. Rb1 Nxe3 24. Rxb2 Nd5 25. Rxb5 Nc3 26. Rb2 g6 27. Rc2
Nb5 28. a4 Nd4 29. Ra2 Ra8 30. Nc5 Ra5 31. Nd3 Nb5 32. Nb2 Nc3 33. Ra3 Nxe2+ 34.
Kg2 Nd4 35. Nc4 Ra6 36. a5 Nc6 37. Rb3 Nxa5 38. Ra3 Nxc4 39. Rxa6 Kg7 40. f4 h5
41. Kf3 Nd2+ 42. Ke2 Ne4 43. Ke3 Nf6 44. h3 Nd5+ 45. Ke4 Kf6 46. Rd6 Nc3+ 47.
Kd3 Nd5 48. Ke4 Nc3+ 49. Kf3 Nb5 50. Rd7 Nc3 51. Rd3 Nd5 52. Ke4 Ne7 53. Rd7 Nd5
54. Ra7 Nc3+ 55. Kf3 Nd5 56. g4 hxg4+ 57. hxg4 g5 58. fxg5+ Kxg5 59. Rxf7 Nf6
60. Rg7+ Kh6 61. Re7 Kg5 62. Kg3 Ne4+ 63. Kf3 Nf6 64. Rg7+ Kh6 65. Ra7 Kg5 66.
Ra5+ Nd5 67. Ra6 Nf6 68. Ra5+ Nd5 69. Kg3 Kg6 70. Kh4 Nf4 71. Ra4 Nd5 72. Re4
Kf6 73. Kh5 e5 74. Ra4 Nf4+ 75. Kh6 Ke6 76. g5 Kf5 77. Rxf4+ exf4 78. g6 f3 79.
g7 Ke4 80. g8=Q Ke3 81. Qe6+ Kf2 82. Kg5 Kg1 83. Qg4+ Kf2 84. Kf4 1-0

[Event "81st ch-ESP Rapid 2016"]
[Site "Linares ESP"]
[Date "2016.08.14"]
[Round "2.31"]
[White "Lopez Guerrero, Jose Miguel"]
[Black "Ladron De Guevara Pinto, Paolo"]
[Result "0-1"]
[BlackTitle "FM"]
[WhiteElo "2115"]
[BlackElo "2369"]
[WhiteFideId "2265567"]
[BlackFideId "2290847"]
[EventDate "2016.08.14"]

1. e4 e5 2. Nf3 Nc6 3. Bb5 g6 4. c3 a6 5. Ba4 Bg7 6. d4 b5 7. Bc2 d6 8. h3 exd4
9. cxd4 Nge7 10. O-O O-O 11. Nc3 d5 12. Re1 Nb4 13. Bf4 Bb7 14. e5 Nxc2 15. Qxc2
Bc8 16. Rac1 Bf5 17. Qb3 c6 18. Qb4 Re8 19. Bg5 Qd7 20. Bf6 Bf8 21. Ne2 a5 22.
Qd2 a4 23. Qg5 Be6 24. g4 Rac8 25. Nf4 c5 26. Qh4 cxd4 27. Ng5 h6 28. Bxe7 Qxe7
29. Nfxe6 fxe6 30. Nf3 Qxh4 31. Nxh4 Kf7 32. f4 Rc4 33. f5 gxf5 34. gxf5 exf5
35. Nxf5 d3 36. Rcd1 Ke6 37. Rf1 Rec8 38. Rxd3 Rc1 39. Nd4+ Kxe5 40. Nxb5 Bc5+ 0-1

[Event "81st ch-ESP Rapid 2016"]
[Site "Linares ESP"]
[Date "2016.08.14"]
[Round "2.32"]
[White "Diaz Velandia, Jose Manuel"]
[Black "Gentes Benito, Angel"]
[Result "1-0"]
[WhiteTitle "FM"]
[WhiteElo "2343"]
[BlackElo "1906"]
[WhiteFideId "3901939"]
[BlackFideId "2225549"]
[EventDate "2016.08.14"]

1. d4 Nf6 2. Nf3 e6 3. e3 c5 4. Bd3 d5 5. c3 Nc6 6. Nbd2 Bd7 7. O-O Rc8 8. dxc5
Bxc5 9. e4 O-O 10. e5 Ng4 11. Qe2 Qc7 12. Bxh7+ Kxh7 13. Ng5+ Kg6 14. Qxg4 Nxe5
15. Qg3 Qb8 16. Nxe6+ Kf6 17. Nxf8 Rxf8 18. Nb3 Bd6 19. Qg5+ 1-0

[Event "81st ch-ESP Rapid 2016"]
[Site "Linares ESP"]
[Date "2016.08.14"]
[Round "3.1"]
[White "Salgado Lopez, Ivan"]
[Black "Almagro Llamas, Pablo"]
[Result "1-0"]
[WhiteTitle "GM"]
[BlackTitle "IM"]
[WhiteElo "2651"]
[BlackElo "2436"]
[WhiteFideId "2257327"]
[BlackFideId "2221799"]
[EventDate "2016.08.14"]

1. e4 c6 2. Nf3 d5 3. Nc3 Bg4 4. h3 Bxf3 5. Qxf3 e6 6. g3 Nf6 7. Bg2 Nbd7 8. d3
h5 9. a3 d4 10. Nb1 h4 11. g4 Bd6 12. Qe2 Qc7 13. Qd2 e5 14. Qe2 Ng8 15. Nd2 Ne7
16. Nc4 Ng6 17. O-O Be7 18. Bd2 b5 19. Na5 Nc5 20. f4 exf4 21. e5 O-O 22. Nxc6
Bg5 23. Nxd4 Rae8 24. Nf3 Ne6 25. d4 Qxc2 26. d5 Qc5+ 27. Kh1 Nd4 28. Qf2 1-0

[Event "81st ch-ESP Rapid 2016"]
[Site "Linares ESP"]
[Date "2016.08.14"]
[Round "3.3"]
[White "Vazquez Igarza, Renier"]
[Black "Matnadze, Ana"]
[Result "1/2-1/2"]
[WhiteTitle "GM"]
[BlackTitle "IM"]
[WhiteElo "2589"]
[BlackElo "2355"]
[WhiteFideId "3503054"]
[BlackFideId "13601377"]
[EventDate "2016.08.14"]

1. d4 Nf6 2. c4 e6 3. Nc3 Bb4 4. Qc2 d5 5. cxd5 Qxd5 6. Nf3 Qf5 7. Qxf5 exf5 8.
Bf4 c6 9. a3 Be7 10. e3 Nbd7 11. Bc4 Nb6 12. Ba2 a5 13. Bc7 Nbd5 14. Nxd5 Nxd5
15. Bxd5 cxd5 16. Rc1 Bd7 17. Kd2 f6 18. Bb6 Bd6 19. Bc5 Ke7 20. Ne1 b6 21.
Bxd6+ Kxd6 22. Nd3 Rac8 23. h4 Rhe8 24. b3 g6 25. g3 Ra8 26. Rc3 Rec8 27. Rxc8
Rxc8 28. a4 Rb8 29. Rc1 Rg8 30. Ra1 h6 31. Kc3 g5 32. Rh1 Rc8+ 33. Kb2 f4 34.
hxg5 hxg5 35. gxf4 Bf5 36. Rc1 Rh8 37. Kc3 Bxd3 38. Kxd3 gxf4 39. Rf1 Rh3 40.
Rg1 fxe3 41. fxe3 Rh2 42. Rf1 Ke6 43. Rc1 Kd6 44. Rf1 Ke6 1/2-1/2

[Event "81st ch-ESP Rapid 2016"]
[Site "Linares ESP"]
[Date "2016.08.14"]
[Round "3.4"]
[White "Munoz, Miguel"]
[Black "Espinosa Aranda, Angel"]
[Result "1-0"]
[WhiteTitle "GM"]
[BlackTitle "IM"]
[WhiteElo "2451"]
[BlackElo "2422"]
[WhiteFideId "3800229"]
[BlackFideId "2278189"]
[EventDate "2016.08.14"]

1. e4 c5 2. g3 Nc6 3. Bg2 g6 4. Ne2 Bg7 5. c3 e5 6. d3 Nge7 7. Be3 d6 8. O-O O-O
9. f4 Be6 10. Nd2 Qd7 11. Nf3 Bh3 12. Bxh3 Qxh3 13. fxe5 Nxe5 14. Nxe5 Bxe5 15.
Bg5 Qd7 16. Nf4 f5 17. Qb3+ Kh8 18. Ne6 Rfe8 19. d4 cxd4 20. cxd4 Nc6 21. dxe5
Qxe6 22. Bf6+ Kg8 23. Qxb7 Ne7 24. exf5 gxf5 25. Bxe7 Qxe7 26. Qxe7 Rxe7 27.
exd6 Rd7 28. Rxf5 Rxd6 29. Re1 Rc8 30. Re2 Rc7 31. Kg2 Kg7 32. h4 h6 33. Kh3 Rd3
34. Rfe5 Kf6 35. Re6+ Kf7 36. Rxh6 Rc8 37. Rh7+ Kf6 38. Rxa7 Rg8 39. Ra6+ Kf7
40. Rg2 Ra8 1-0

[Event "81st ch-ESP Rapid 2016"]
[Site "Linares ESP"]
[Date "2016.08.14"]
[Round "3.5"]
[White "Valles Moreno, Ivan"]
[Black "Anton Guijarro, David"]
[Result "0-1"]
[WhiteTitle "IM"]
[BlackTitle "GM"]
[WhiteElo "2447"]
[BlackElo "2627"]
[WhiteFideId "2205688"]
[BlackFideId "2285525"]
[EventDate "2016.08.14"]

1. e4 c6 2. d4 d5 3. Nd2 dxe4 4. Nxe4 Bf5 5. Ng3 Bg6 6. Nh3 Nd7 7. c3 Ngf6 8.
Bc4 e6 9. Nf4 Bd6 10. O-O Qc7 11. Qf3 O-O 12. Bb3 c5 13. Nxg6 hxg6 14. Bg5 a5
15. dxc5 Bxc5 16. Rad1 a4 17. Bc2 a3 18. b3 Ne5 19. Qf4 Nd5 20. Qh4 Nxc3 21. Ne4
Nxe4 22. Bxe4 f5 23. Bd3 Bd6 24. Be2 Kf7 25. Qd4 Be7 26. Bxe7 Nc6 27. Qd7 Qxd7
28. Rxd7 Nxe7 29. Bc4 Rfd8 30. Rxb7 Rd6 31. f4 Kf6 32. Re1 Nc6 33. Rb6 Rad8 34.
Bxe6 Re8 35. Rc1 Rexe6 36. Ra6 Nb4 37. Ra4 Nd3 38. Rd1 Nc5 39. Rxd6 Rxd6 40.
Rxa3 Rd2 41. Ra5 Nd3 42. Ra6+ Kf7 43. a4 Rd1# 0-1

[Event "81st ch-ESP Rapid 2016"]
[Site "Linares ESP"]
[Date "2016.08.14"]
[Round "3.6"]
[White "Arizmendi Martinez, Julen Luis"]
[Black "Cruz Lledo, Pablo"]
[Result "1-0"]
[WhiteTitle "GM"]
[BlackTitle "FM"]
[WhiteElo "2496"]
[BlackElo "2414"]
[WhiteFideId "2205092"]
[BlackFideId "2297361"]
[EventDate "2016.08.14"]

1. Nf3 d5 2. e3 Nf6 3. c4 c6 4. Nc3 e6 5. d4 Nbd7 6. Qc2 Be7 7. Bd3 O-O 8. O-O
Re8 9. b3 Nf8 10. e4 Ng6 11. e5 Nd7 12. cxd5 exd5 13. h3 Ndf8 14. Ne2 f6 15.
exf6 Bxf6 16. Nf4 Nxf4 17. Bxf4 Be6 18. b4 Qb6 19. Bd6 Bxd4 20. Rad1 Bf6 21. Bc5
Qc7 22. Bxf8 Kxf8 23. Bxh7 Rad8 24. Bf5 Bf7 25. Bg6 d4 26. Bxf7 Qxf7 27. Qc5+
Qe7 28. Qxa7 Ra8 29. Qc5 Qxc5 30. bxc5 Red8 31. Rd2 Ra5 32. Rfd1 Rxc5 33. Nxd4
Bxd4 34. Rxd4 Rxd4 35. Rxd4 Rc1+ 36. Kh2 Rc2 37. Rf4+ Ke7 38. a4 c5 39. h4 Rb2
40. Kg3 Ke6 41. Rg4 Kf6 42. Rc4 Rb3+ 43. f3 b6 44. a5 Ke5 45. axb6 Kd5 46. Rg4
Rxb6 47. Rxg7 c4 48. Rc7 Rc6 49. Rxc6 Kxc6 50. Kf2 Kd5 1-0